First One - Last One (Science) Quiz Stats

 Plays Quiz not verified by Sporcle

Score 0/18 Timer 03:00
0 Plays Today
% Correct
1
97.4%
Earth
91.9%
2
88.4%
Arm
88.4%
Marie
85.4%
United States
85.3%
Neptune
83.9%
Argon
78.6%
997
76.8%
% Correct
Xenon
75.5%
Toe
68.2%
Diamond
68.1%
North Korea
65.3%
Talc
54.5%
118
52.5%
Cervical
31.7%
Coccyx
31.2%
Irène
12%

You're not logged in!

Compare scores with friends on all Sporcle quizzes.
OR
Log In

Show Comments

Extras

Top Quizzes Today


Score Distribution

Your Account Isn't Verified!

In order to create a playlist on Sporcle, you need to verify the email address you used during registration. Go to your Sporcle Settings to finish the process.

Report this User

Report this user for behavior that violates our Community Guidelines.

Details: